| 000 | 00636nam a2200217 i 4500 | ||
|---|---|---|---|
| 001 | 64820 | ||
| 003 | ES-MaACL | ||
| 005 | 20250829112153.0 | ||
| 007 | t| | ||
| 008 | 040105s1973 sp ||||1| spa d | ||
| 100 | 1 |
_aFoulquié, Paul. _951945 |
|
| 245 | 1 | 3 |
_aLa voluntad / _cpor Paul Foulquié ; [traducción de Francisco Lloveras]. |
| 250 | _a[1ª ed.]. | ||
| 260 |
_aBarcelona : _bOikos-Tau, _c[1973] |
||
| 300 |
_a122 p. ; _c18 cm. |
||
| 490 | 1 |
_a¿Qué sé? ; _v92 |
|
| 700 | 1 |
_aLloveras, Francisco. _972938 |
|
| 830 | 0 |
_a¿Qué sé? _v92 _9181382 |
|
| 852 |
_aES-MaACL _jC-52600 _bR.85508 |
||
| 999 |
_c64820 _d64820 |
||